El ventrílocuo y la muda (Record no. 132748)

MARC details
000 -LEADER
campo de control de longitud fija 00640nam a2200193 4500
001 - NÚMERO DE CONTROL
campo de control 132748
003 - IDENTIFICADOR DE NÚMERO DE CONTROL
campo de control ES-MaACL
005 - FECHA Y HORA DE LA ÚLTIMA TRANSACCIÓN
campo de control 20250829043321.0
007 - CAMPO FIJO DE DESCRIPCIÓN FÍSICA--INFORMACIÓN GENERAL
campo de control de longitud fija t|
008 - DATOS DE LONGITUD FIJA--INFORMACIÓN GENERAL
campo de control de longitud fija 070214s1930 sp r ||||1| spa d
100 1# - ENTRADA PRINCIPAL--NOMBRE DE PERSONA
Nombre de persona Ros, Samuel.
9 (RLIN) 99579
245 13 - MENCIÓN DEL TÍTULO
Título El ventrílocuo y la muda
Resto del título : novela /
Mención de responsabilidad, etc. por Samuel Ros.
260 ## - PUBLICACIÓN, DISTRIBUCIÓN, ETC.
Lugar de publicación, distribución, etc. Madrid :
Nombre del editor, distribuidor, etc. Biblioteca Nueva,
Fecha de publicación, distribución, etc. 1930.
300 ## - DESCRIPCIÓN FÍSICA
Extensión 269 p., 1 lám. = retr. aut. ;
Dimensiones 19 cm.
490 1# - MENCIÓN DE SERIE
Mención de serie Col. de Grandes Novelas Humorísticas
830 00 - PUNTO DE ACCESO ADICIONAL DE SERIE-TÍTULO UNIFORME
Título uniforme Colección de grandes novelas humorísticas (Biblioteca Nueva)
9 (RLIN) 231881
852 ## - LOCALIZACIÓN
Ubicación ES-MaACL
Número de control de estantería C-4176
Sublocalización o colección R.21127
Holdings
Estatus retirado Estado de pérdida Estado de daño No para préstamo Biblioteca de origen Biblioteca actual Ubicación en estantería Fecha de adquisición Fuente de adquisición Total de préstamos Signatura topográfica completa Código de barras Visto por última vez Precio de reemplazo Tipo de ítem Koha
        Biblioteca del Ateneo de Madrid Biblioteca del Ateneo de Madrid Sala Palomar 17/01/2008     C-4176 1138202 23/02/2023 23/02/2023 Libro impreso